| 000 | 00706nam a2200253Ia 4500 | ||
|---|---|---|---|
| 003 | OSt | ||
| 005 | 20220925175730.0 | ||
| 006 | a|||||r|||| 00| 0 | ||
| 007 | ta | ||
| 008 | 220923b |||||||| |||| 00| 0 eng d | ||
| 037 | _cGeneral Book | ||
| 040 |
_aRTL _cRTL _beng |
||
| 041 |
_2eng _aeng |
||
| 082 | _aR14, M0 | ||
| 100 |
_aBoolos George _949004 |
||
| 245 | 0 | _aCamputability and logic | |
| 250 | _a2nd | ||
| 260 |
_aCambridge _bCambridge University Press _c1980 |
||
| 300 |
_ax, 285p _ccm. |
||
| 650 |
_aPhilosophy-Symbolic Logic _9234482 |
||
| 700 |
_a Jeffrey Richard _9249611 |
||
| 942 |
_hR14, M0 _cGB _2CC |
||
| 999 |
_c494426 _d494426 |
||